Word Ladder: 1994 Album and Band Quiz Stats

Quiz Updated Sep 11, 2016

Challenge
Share
Tweet
Embed
Score 0/23 Timer 03:00
0 Plays Today
Clue 4-Letter Word % Correct
To shut a door aggressivelySLAM
98.7%
Elizabeth Gilbert book: 'Eat, ___, Love'PRAY
97.9%
To remain somewhereSTAY
97.8%
An animal that is huntedPREY
97.6%
A neighborhood or area of low economic developmentSLUM
97.3%
A non-musical theater performancePLAY
97%
1994 album: '___[rung 23]'
OR a public space for leisure and admiring nature
*PARK*
96.8%
To kill or vanquishSLAY
96.8%
TV show 'Friends' coffee shop: Central ___PERK
96.7%
Ready a patient for surgeryPREP
96.5%
A quick lookPEEK
96.4%
A person who is fed up draws a '___ in the sand'LINE
95.7%
Clue 4-Letter Word % Correct
A baby bird's cryPEEP
95.4%
A mark left upon the body after physical traumaSCAR
95.3%
A con or scheme SCAM
95.1%
A member of the Hollywood eliteSTAR
95%
1994 album: '[rung 17]___'
OR the period between birth and death
*LIFE*
94.5%
A monetary punishment or to feel contentFINE
94.2%
To remove skin from a fruit or vegetablePARE
91.9%
One of four elements in Ancient GreeceFIRE
91.9%
An expense paid for travelingFARE
91.4%
A disparaging remark or insultSLUR
86.6%
Band responsible for 1994 album: '[rung 17][rung 23]'
OR indistinguishable fuzziness caused by movement
*BLUR*
84.1%

Today's Daily Dose

Missing Word
Jazz Songs 'C'

On This Day
January 18th

You're not logged in!

Compare scores with friends on all Sporcle quizzes.
Sign Up with Email
OR
Log In

You Might Also Like...

Show Comments

Extras

Top Quizzes Today


Score Distribution

Your Account Isn't Verified!

In order to create a playlist on Sporcle, you need to verify the email address you used during registration. Go to your Sporcle Settings to finish the process.